000 00746nam a2200265Ia 4500
005 20260121170432.0
008 008 260114s9999 xx 000 0 eng d
020 _a9783319756967
037 _aEBOOK
040 _aCRL
040 _beng
040 _cCRL
041 _2eng
041 _aeng
084 _qCRL
100 _aMarisa Quaresma, Carl Winsløw, Stéphane Clivaz, João Pedro da Ponte, Aoibhinn Ní Shúilleabháin, Akihiko Takahashi
_91063853
245 0 _aMathematics Lesson Study Around the World
260 _bSpringer
260 _bSpringer
260 _c2018
856 _uhttps://link.springer.com/openurl?genre=book&isbn=978-3-319-75696-7
942 _cEBOOK
999 _c1629582
_d1629582